<?xml version="1.0" encoding="UTF-8"?>
<record
    xmlns:xsi="http://www.w3.org/2001/XMLSchema-instance"
    xsi:schemaLocation="http://www.loc.gov/MARC21/slim http://www.loc.gov/standards/marcxml/schema/MARC21slim.xsd"
    xmlns="http://www.loc.gov/MARC21/slim">

  <leader>01773cam a22002413a 4500</leader>
  <controlfield tag="001">11236</controlfield>
  <controlfield tag="003">PGUSA</controlfield>
  <controlfield tag="005">20140828083234.0</controlfield>
  <controlfield tag="008">040201s2004||||xxu|||||s|||||000 | eng d</controlfield>
  <datafield tag="040" ind1=" " ind2=" ">
    <subfield code="a">PGUSA</subfield>
    <subfield code="b">eng</subfield>
  </datafield>
  <datafield tag="042" ind1=" " ind2=" ">
    <subfield code="a">dc</subfield>
  </datafield>
  <datafield tag="050" ind1=" " ind2="4">
    <subfield code="a">PR</subfield>
  </datafield>
  <datafield tag="245" ind1="1" ind2="0">
    <subfield code="a">Old Ballads</subfield>
    <subfield code="h">[electronic resource] /</subfield>
    <subfield code="c">Various</subfield>
  </datafield>
  <datafield tag="260" ind1=" " ind2=" ">
    <subfield code="b">Project Gutenberg,</subfield>
    <subfield code="c">2004</subfield>
  </datafield>
  <datafield tag="505" ind1="0" ind2=" ">
    <subfield code="a">Come, lasses and lads -- Comin' thro' the rye -- Cherry-ripe -- Annie Laurie -- Robin Adair -- Molly Bawn -- Go, happy Rose! -- The anchor's weigh'd -- Alice Gray -- Home, sweet home -- John Anderson, my jo -- My pretty Jane -- Rock'd in the cradle of the deep -- The minstrel boy -- On the banks of Allan Water -- Auld lang syne -- Within a mile of Edinburgh town -- The night-piece to Julia -- Tom Bowling -- My love is like the red red rose -- Widow Malone -- The jolly young waterman -- Caller herrin' -- A hunting we will go -- Hearts of oak -- The fine old English gentleman -- The Bay of Biscay O! -- Black-eyed Susan -- Duncan Gray -- The bailiff's daughter of Islington -- The miller of Dee -- The angel's whisper -- Simon the Cellarer -- Auld Robin Gray -- Bonnie Dundee -- Sally in our alley -- Kitty of Coleraine -- Here's to the maiden of bashful fifteen -- The leather bottel -- Woodman, spare that tree -- The token -- O, wert thou in the cauld blast -- The passionate shepherd to his love -- Lovely Nan -- The lass of Richmond Hill -- Tell me not, sweet -- She wore a wreath of roses -- O Nanny, wilt thou go with me? -- D'ye ken John Peel?</subfield>
  </datafield>
  <datafield tag="506" ind1=" " ind2=" ">
    <subfield code="a">Public domain in the USA.</subfield>
  </datafield>
  <datafield tag="516" ind1=" " ind2=" ">
    <subfield code="a">Electronic text</subfield>
  </datafield>
  <datafield tag="653" ind1=" " ind2=" ">
    <subfield code="a">Folk songs, English</subfield>
  </datafield>
  <datafield tag="653" ind1=" " ind2=" ">
    <subfield code="a">Ballads, English</subfield>
  </datafield>
  <datafield tag="830" ind1=" " ind2="0">
    <subfield code="a">Project Gutenberg</subfield>
    <subfield code="v">11236</subfield>
  </datafield>
  <datafield tag="856" ind1="4" ind2="0">
    <subfield code="u">http://www.gutenberg.org/ebooks/11236</subfield>
  </datafield>
  <datafield tag="942" ind1=" " ind2=" ">
    <subfield code="c">EB</subfield>
  </datafield>
  <datafield tag="999" ind1=" " ind2=" ">
    <subfield code="c">240491</subfield>
    <subfield code="d">240491</subfield>
  </datafield>
  <datafield tag="952" ind1=" " ind2=" ">
    <subfield code="0">0</subfield>
    <subfield code="1">0</subfield>
    <subfield code="4">0</subfield>
    <subfield code="a">GTB</subfield>
    <subfield code="b">GTB</subfield>
    <subfield code="d">2014-08-28</subfield>
    <subfield code="l">0</subfield>
    <subfield code="r">2014-08-28 00:00:00</subfield>
    <subfield code="w">2014-08-28</subfield>
    <subfield code="y">EB</subfield>
  </datafield>
</record>
